Scientific Method Quiz - Statistics

General Stats
  • This quiz has been taken 30 times
  • The average score is 5 of 10
Answer Stats
Definition Order Answer % Correct
Educated Guess 3rd Hypothesis
100%
Test 4th Experiment
81%
gather all you information and make a ____ 7th Conclusion
71%
Who,What,When,Where,Why 1st Question
71%
Know, Learn 2nd Research
52%
Y-axis Can be measured Dependent variable
48%
X-axis Changes Independent variable
48%
Organize Data 6th Analyze
43%
Give answer above to others 8th Report
19%
Observations into journals 5th Collect Data
14%
No matching quizzes found
Score Distribution
Percent of People with Each Score
Percentile by Number Answered
Your Score History
You have not taken this quiz